000 01224nam a2200313Ia 4500
001 ebr10255362
003 CaPaEBR
006 m u
007 cr cn|||||||||
008 011127s2001 njua sb 001 0 eng d
010 _z 2001280526
020 _z9810246587
020 _z9810246595 (pbk.)
040 _aCaPaEBR
_cCaPaEBR
035 _a(OCoLC)646768106
050 1 4 _aQC174.17.P45
_bK54 2001eb
100 1 _aKleinert, Hagen.
245 1 0 _aCritical properties of [Greek letter phi]4-theories
_h[electronic resource] /
_cHagen Kleinert, Verena Schulte-Frohlinde.
260 _aRiver Edge, N.J. :
_bWorld Scientific,
_cc2001.
300 _axx, 489 p. :
_bill.
504 _aIncludes bibliographical references and index.
533 _aElectronic reproduction.
_bPalo Alto, Calif. :
_cebrary,
_d2009.
_nAvailable via World Wide Web.
_nAccess may be limited to ebrary affiliated libraries.
650 0 _aPerturbation (Quantum dynamics)
650 0 _aPhysics.
655 7 _aElectronic books.
_2local
700 1 _aSchulte-Frohlinde, Verena.
710 2 _aebrary, Inc.
856 4 0 _uhttp://site.ebrary.com/lib/rucke/Doc?id=10255362
_zAn electronic book accessible through the World Wide Web; click to view
999 _c32878
_d32878